| 000 | 00872cam a22002775a 4500 | ||
|---|---|---|---|
| 005 | 20150819113456.0 | ||
| 008 | 091217t1984 nyua|||fr|||| 001 0 eng d | ||
| 010 | _a83010391 | ||
| 020 | _a0442213026 | ||
| 040 |
_aEG-ScBUE _beng _cEG-ScBUE |
||
| 082 | 0 | 0 |
_a690.11 _bBRO _222 |
| 100 | 1 |
_aBrown, Robert Wade. _910017 |
|
| 245 | 1 | 0 |
_aResidential foundations : _bDesign, Behavior, and Repair / _cRobert Wade Brown |
| 250 | _a2nd ed. | ||
| 260 |
_aNew York : _bVan Nostrand Reinhold, _cc.1984. |
||
| 300 |
_axii, 115 p. : _bill. ; _c24 cm. |
||
| 500 | _aIndex : p. 111-115. | ||
| 500 | _aGlossary : p. 103-107. | ||
| 590 | _adoaa mohamed | ||
| 650 | 0 |
_aFoundations. _910018 _2BUEsh |
|
| 650 | 0 |
_aDwellings. _910019 _2BUEsh |
|
| 650 | 0 |
_aDwellings _xFoundations. _910020 _2BUEsh |
|
| 651 | _2BUEsh | ||
| 653 |
_bENGARC _cAugust2015 |
||
| 942 |
_cBB _k690.11BRO _2ddc |
||
| 999 |
_c9494 _d9494 |
||